Government of God (Record no. 9467)

MARC details
000 -LEADER
fixed length control field 00551nam a2200217 a 4500
020 ## - INTERNATIONAL STANDARD BOOK NUMBER
ISBN 0231762
082 00 - DEWEY DECIMAL CLASSIFICATION NUMBER
Classification number 955.054
Author Cutter BEN
100 ## - MAIN ENTRY--AUTHOR NAME
Author name Benard, Cheryl
245 ## - TITLE STATEMENT
Title Government of God
Sub title Iran`s Islamic Republic
260 ## - PUBLICATION, DISTRIBUTION, ETC. (IMPRINT)
Place of publication New York
Name of publisher Columbia University Press
Year of publication 1984
300 ## - PHYSICAL DESCRIPTION
Number of Pages 240p
500 ## - GENERAL NOTE
General note includes index and biblioraphy
505 2# - FORMATTED CONTENTS NOTE
Formatted contents note Index
942 ## - ADDED ENTRY ELEMENTS (KOHA)
Koha item type Books
Holdings
Collection code Home library Current library Date acquired Cost, normal purchase price Full call number Accession Number Koha item type
  Henry Martyn Institute Library Henry Martyn Institute Library 05/29/2007 536.55 955.054 BEN 015173 Books
                   Copyright © 2026 | Henry Martyn Institute | Hyderabad | TS-500052 | INDIA | Implemented by hmi.edu.in
Hit-Count:

Powered by Koha